| 000 | 02318nam a2200349Ia 4500 | ||
|---|---|---|---|
| 003 | OSt | ||
| 005 | 20221007124941.0 | ||
| 006 | a|||||r|||| 00| 0 | ||
| 007 | ta | ||
| 008 | 221006b |||||||| |||| 00| 0 eng d | ||
| 020 | _a9781259921766 (pbk) | ||
| 024 | _a201059 | ||
| 037 |
_b9513, 19/12/2019, Puja Books _cTextual |
||
| 040 |
_aCDL _cCDL _beng |
||
| 041 |
_2eng _aeng |
||
| 082 | _aE, Q8 Carc | ||
| 100 |
_aACS _9721111 |
||
| 110 |
_aA project of the american chemical society. Chemistry of life. Fahlman(Bradley D) (Central Michigan University); A project of the american chemical society. PurvisRoberts(Kathleen L) (Claremont McKenna, Pitzer, and Scripps Colleges); A project of the american chemical society. Kirk(John S) (Carthage College); A project of the american chemical society. Bentley(AnneK) (Lewis & Clark College); A project of the american chemical society. Daubenmire(Patrick L) (Loyola University Chicago); A project of the american chemical society. Ellis(Jamie P) (Ithaca College); A project of the american chemical society. Mury(Michael T) (All Saints Academy) _9721112 |
||
| 245 | 0 | _aChemistry in context: Applying chemistry to society | |
| 250 | _a9 | ||
| 260 |
_aNew _bYork American Chemical Society _c2018 |
||
| 300 |
_axvii, 590p. ill. _ccm. |
||
| 500 | _aAppendix A-1-84p.; Glossary G-1-8p.; Index I-1-19p. | ||
| 650 | _a Climate change | ||
| 650 |
_a Energy storage _9721113 |
||
| 650 |
_a Genes and life _9721114 |
||
| 650 |
_a Nutrition _9423166 |
||
| 650 | _aChemistry | ||
| 700 |
_aA project of the american chemical society. Chemistry of life. Fahlman(Bradley D) (Central Michigan University); A project of the american chemical society. PurvisRoberts(Kathleen L) (Claremont McKenna, Pitzer, and Scripps Colleges); A project of the american chemical society. Kirk(John S) (Carthage College); A project of the american chemical society. Bentley(AnneK) (Lewis & Clark College); A project of the american chemical society. Daubenmire(Patrick L) (Loyola University Chicago); A project of the american chemical society. Ellis(Jamie P) (Ithaca College); A project of the american chemical society. Mury(Michael T) (All Saints Academy) _9721115 |
||
| 942 |
_hE, Q8 Carc _cTEXL _2CC |
||
| 999 |
_c1214427 _d1214427 |
||